LEADER 00938nam0-22002891i-450- 001 990001845660403321 005 20021010 035 $a000184566 035 $aFED01000184566 035 $a(Aleph)000184566FED01 035 $a000184566 100 $a20021010d--------km-y0itay50------ba 101 0 $aita 200 1 $aRecherches sur l' oxydation catalytique et la pyrogenation de la tetraline, de la decaline, de la pyridine et du furfurol$fFerdinand Barth. 210 $aGeneve$cImprimerie Jent$d1924. 215 $a31 p.$d22 cm 610 0 $aChimica 676 $a540 700 1$aBarth,$bFerdinand$081114 801 0$aIT$bUNINA$gRICA$2UNIMARC 901 $aBK 912 $a990001845660403321 952 $a60 MISC. B 51/12$b$fFAGBC 959 $aFAGBC 996 $aRecherches sur l' oxydation catalytique et la pyrogenation de la tetraline, de la decaline, de la pyridine et du furfurol$9415240 997 $aUNINA DB $aING01